| 000 | 00630nam a2200205 a 4500 | ||
|---|---|---|---|
| 001 | 283 | ||
| 003 | CDMR | ||
| 005 | 20131213162716.0 | ||
| 008 | 130130s1992||||||||||||||||||||||||||||d | ||
| 020 | _a8431311762 | ||
| 040 |
_aCDMR _bcat _cCDMR |
||
| 100 | 1 |
_aDonoso Cortés, Juan _9205 |
|
| 245 | 1 | 0 |
_aArtículos políticos en "El Piloto" _cJuan Donoso Cortés ; introducción por Federico Suárez _b: (1839-1840) |
| 260 |
_aPamplona _c1992 _bEUNSA |
||
| 300 |
_a746 p ; _c22 cm |
||
| 490 | 0 |
_aColección Histórica _v48 |
|
| 650 | 0 | 4 |
_9458 _aPolítica _vReculls d'escrits _yS. XIX |
| 700 | 1 |
_aSuarez, Federico _epr. _9207 |
|
| 942 |
_cMON _2udc |
||
| 999 |
_c283 _d283 |
||